000 00365nam a22001457a 4500
008 250521b |||||||| |||| 00| 0 eng d
020 _a9780141397481
050 _aPG3325
_b.D67 2011
100 _aDostoyevsky Fyoder
245 _aThe Meek One
260 _aMoscow
_bPenguin Book
_c2015
300 _a56p.
_b16cm
650 _aRussian language
_vReaders
942 _cBK
999 _c3585
_d3585